|
|
|
|
| LEADER |
00000cas a2200000 a 4500 |
| 001 |
vtls001344467 |
| 003 |
SK-MaSNL |
| 005 |
20260228160103.0 |
| 008 |
220928d19681989xo wr ne 0 0b0slo |
| 035 |
|
|
|a SNK000297661
|
| 040 |
|
|
|a SNK
|b slo
|c SNK
|e AACR2
|
| 041 |
0 |
|
|a slo
|a hun
|
| 043 |
|
|
|a e-xo---
|
| 044 |
|
|
|a xr
|c SK
|
| 072 |
|
7 |
|a 316.3
|x Globálne spoločnosti. Sociálna štruktúra. Sociálne skupiny
|2 konspekt
|
| 072 |
|
7 |
|a 32
|x Politika
|2 konspekt
|
| 080 |
|
|
|a 316.728
|2 2011
|
| 080 |
|
|
|a 323
|2 2011
|
| 080 |
|
|
|a (051)+(054)(437.6)
|2 2011
|
| 080 |
|
|
|a (437.6)
|2 2011
|
| 245 |
0 |
0 |
|a Slovo Zemplína
|b orgán OV KSS, ONV a VPS v Trebičove
|
| 246 |
1 |
1 |
|a Zempléni szó
|b a JPB a JNB és a MTI hetilapja
|
| 260 |
|
|
|a [Trebišov
|b OV KSS
|b ONV
|b VPS]
|c 1968-1989
|
| 300 |
|
|
|a 22 zv.
|c 46 cm
|
| 310 |
|
|
|a 1x týždenne
|
| 362 |
0 |
|
|a Roč. IX, č. 1 (8. júla 1968)-roč. XXX, č. 52 (22.12.1989)
|
| 500 |
|
|
|a Podnázov v tiráži: týždenník Trebišovského okresu
|
| 546 |
|
|
|a Text aj maďarský
|
| 650 |
0 |
7 |
|a spoločnosť
|2 SNKPH
|9 1013
|
| 650 |
0 |
7 |
|a verejný život
|2 SNKPH
|9 265932
|
| 650 |
0 |
7 |
|a spoločenský život
|2 SNKPH
|9 28654
|
| 650 |
0 |
7 |
|a politika
|2 SNKPH
|9 968
|
| 651 |
|
7 |
|a Zemplín (Slovensko : región)
|2 SNKPHgeo
|9 16697
|
| 655 |
|
7 |
|a regionálne periodiká
|2 SNKPH
|9 131775
|
| 780 |
0 |
0 |
|t Život južného Zemplína
|w vtls010211115
|
| 785 |
0 |
0 |
|t Premeny južného Zemplína
|w vtls001303900
|
| 910 |
|
|
|a snk
|
| 916 |
|
|
|a 1968-1989
|
| 958 |
|
|
|a OND
|
| 999 |
|
|
|c 1387
|d 3317
|
| 952 |
|
|
|0 0
|1 0
|4 0
|7 0
|a SNK
|b SNK
|d 2021-05-17
|i snkČSP 2145/94
|l 0
|o snkČSA 600/3(34)/1993 D1
|p 17A1316460
|r 2026-02-21 19:58:37
|t č. 1-52
|w 2026-02-21
|y PREZ
|z č. 1-52
|
| 952 |
|
|
|0 0
|1 0
|4 0
|7 0
|a SNK
|b SNK
|d 2022-09-28
|f 1
|i snkČSP 219/70
|l 0
|o snkČSA 600/10-11/1969
|p 17A0781322
|r 2026-02-21 20:12:43
|t č. 1-52/1
|w 2026-02-21
|y PREZ
|
| 952 |
|
|
|0 0
|1 0
|4 0
|7 0
|a SNK
|b SNK
|d 2022-09-28
|f 1
|i snkČSP 858/76
|l 0
|o snkČSA 600/11/1970
|p 17A0781324
|r 2026-02-21 20:12:43
|t č. 2-52
|w 2026-02-21
|y PREZ
|z Číslo 1 je vydané ako dvojčíslo 52/1 v roku 1969
|
| 952 |
|
|
|0 0
|1 0
|4 0
|7 0
|a SNK
|b SNK
|d 2022-09-28
|f 1
|i snkČSP 849/75
|l 0
|o snkČSA 600/15/1974
|p 17A0786177
|r 2026-02-21 20:12:43
|t č. 1-52
|w 2026-02-21
|y PREZ
|
| 952 |
|
|
|0 0
|1 0
|4 0
|7 0
|a SNK
|b SNK
|d 2022-09-28
|f 1
|i snkČSP 166/77
|l 0
|o snkČSA 600/16/1975
|p 17A0786173
|r 2026-02-21 20:12:43
|t č. 1-52, neúplné
|w 2026-02-21
|y PREZ
|z Chýba č. 40
|
| 952 |
|
|
|0 0
|1 0
|4 0
|7 0
|a SNK
|b SNK
|d 2022-09-28
|f 1
|i snkČSP 805/77
|l 0
|o snkČSA 600/17/1976
|p 17A0786174
|r 2026-02-21 20:12:43
|t č. 1-52
|w 2026-02-21
|y PREZ
|
| 952 |
|
|
|0 0
|1 0
|4 0
|7 0
|a SNK
|b SNK
|d 2022-09-28
|f 1
|i snkČSP 1273/77
|l 0
|o snkČSA 600/18/1977
|p 17A0781320
|r 2026-02-21 20:12:44
|t č. 1-52
|w 2026-02-21
|y PREZ
|
| 952 |
|
|
|0 0
|1 0
|4 0
|7 0
|a SNK
|b SNK
|d 2022-09-28
|f 1
|i snkČSP 609/78
|l 0
|o snkČSA 600/19/1978
|p 17A0786197
|r 2026-02-21 20:12:44
|t č. 1-52
|w 2026-02-21
|y PREZ
|
| 952 |
|
|
|0 0
|1 0
|4 0
|7 0
|a SNK
|b SNK
|d 2022-09-28
|f 1
|i snkČSP 18/80
|l 0
|o snkČSA 600/20/1979
|p 17A0781310
|r 2026-02-21 20:12:44
|t č. 1-52
|w 2026-02-21
|y PREZ
|
| 952 |
|
|
|0 0
|1 0
|4 0
|7 0
|a SNK
|b SNK
|d 2022-09-28
|f 1
|i snkČSP 146/81
|l 0
|o snkČSA 600/21/1980
|p 17A0781321
|r 2026-02-21 20:12:44
|t č. 1-52
|w 2026-02-21
|y PREZ
|
| 952 |
|
|
|0 0
|1 0
|4 0
|7 0
|a SNK
|b SNK
|d 2022-09-28
|f 1
|i snkČSP 423/82
|l 0
|o snkČSA 600/22/1981
|p 17A0778309
|r 2026-02-21 20:12:44
|t č. 1-52
|w 2026-02-21
|y PREZ
|
| 952 |
|
|
|0 0
|1 0
|4 0
|7 0
|a SNK
|b SNK
|d 2022-09-28
|f 1
|i snkČSP 613/83
|l 0
|o snkČSA 600/23/1982
|p 17A0778131
|r 2026-02-21 20:12:44
|t č. 1-52
|w 2026-02-21
|y PREZ
|
| 952 |
|
|
|0 0
|1 0
|4 0
|7 0
|a SNK
|b SNK
|d 2022-09-28
|f 1
|i snkČSP 439/84
|l 0
|o snkČSA 600/24/1983
|p 17A0778134
|r 2026-02-21 20:12:44
|t č. 1-52
|w 2026-02-21
|y PREZ
|
| 952 |
|
|
|0 0
|1 0
|4 0
|7 0
|a SNK
|b SNK
|d 2022-09-28
|f 1
|i snkČSP 587/85
|l 0
|o snkČSA 600/25/1984
|p 17A0778189
|r 2026-02-21 20:12:44
|t č. 1-52
|w 2026-02-21
|y PREZ
|z Číslo 1 má chybný ročník
|
| 952 |
|
|
|0 0
|1 0
|4 0
|7 0
|a SNK
|b SNK
|d 2022-09-28
|f 1
|i snkČSP 796/86
|l 0
|o snkČSA 600/26/1985
|p 17A0778169
|r 2026-02-21 20:12:44
|t č. 1-52
|w 2026-02-21
|y PREZ
|
| 952 |
|
|
|0 0
|1 0
|4 0
|7 0
|a SNK
|b SNK
|d 2022-09-28
|f 1
|i snkČSP 4209/87
|l 0
|o snkČSA 600/27/1986
|p 17A0778188
|r 2026-02-21 20:12:44
|t č. 1-52
|w 2026-02-21
|y PREZ
|
| 952 |
|
|
|0 0
|1 0
|4 0
|7 0
|a SNK
|b SNK
|d 2022-09-28
|f 1
|i snkČSP 1779/88
|l 0
|o snkČSA 600/28/1987
|p 17A0778135
|r 2026-02-21 20:12:44
|t č. 1-52
|w 2026-02-21
|y PREZ
|
| 952 |
|
|
|0 0
|1 0
|4 0
|7 0
|a SNK
|b SNK
|d 2022-09-28
|f 1
|i snkČSP 1072/73
|l 0
|o snkČSA 600/9/1968
|p 17A0781315
|r 2026-02-21 20:12:46
|t č. 1-25
|w 2026-02-21
|y PREZ
|
| 952 |
|
|
|0 0
|1 0
|4 0
|7 0
|a SNK
|b SNK
|d 1998-10-07
|f 1
|i snkČSP 1068/74
|l 0
|o snkČSA 600/14/1973
|p 17A0162834
|r 2005-01-02 00:00:00
|t č. 1-52
|w 2026-02-21
|y PREZ
|
| 952 |
|
|
|0 0
|1 0
|4 0
|7 0
|a SNK
|b SNK
|d 1998-10-07
|f 1
|i snkČSP 736/73
|l 0
|o snkČSA 600/13/1972
|p 17A0162835
|r 2005-01-02 00:00:00
|t č. 1-52
|w 2026-02-21
|y PREZ
|z V č. 1-6 je chybné ročníkovanie
|
| 952 |
|
|
|0 0
|1 0
|4 0
|7 0
|a SNK
|b SNK
|d 1998-10-07
|f 1
|i snkČSP 905/72
|l 0
|o snkČSA 600/12/1971
|p 17A0162107
|r 2005-01-02 00:00:00
|t č. 1-52
|w 2026-02-21
|y PREZ
|z V č. 21-52 je chybné ročníkovanie
|
| 952 |
|
|
|0 0
|1 0
|4 0
|7 0
|a SNK
|b SNK
|d 2003-01-14
|f 1
|i snkČSP 1137/89
|l 0
|o snkČSA 600/29/1988
|p 17A0370260
|r 2005-01-02 00:00:00
|t č. 1-52
|w 2026-02-21
|y PREZ
|
| 952 |
|
|
|0 0
|1 0
|4 0
|7 0
|a SNK
|b SNK
|d 2003-01-14
|f 1
|i snkČSP 2505/90
|l 0
|o snkČSA 600/30/1989
|p 17A0370259
|r 2005-01-02 00:00:00
|t č. 1-52
|w 2026-02-21
|y PREZ
|
| 952 |
|
|
|0 0
|1 0
|4 0
|7 0
|a SNK
|b SNK
|d 2021-01-26
|i snk2001/1194
|l 0
|o snkČSA 600/40/1999 D1
|p 17A1316435
|r 2026-02-21 21:39:26
|t č. 1-52, neúplný
|w 2026-02-21
|y PREZ
|z chýba č. 40,41;
|
| 952 |
|
|
|0 0
|1 0
|4 0
|7 0
|a SNK
|b SNK
|d 2021-01-26
|i snkČSP 467/97
|l 0
|o snkČSA 600/4(35)/1994 D1
|p 17A1316428
|r 2026-02-21 21:39:26
|t č. 1-52
|w 2026-02-21
|y PREZ
|z č. 1-52
|
| 952 |
|
|
|0 0
|1 0
|4 0
|7 0
|a SNK
|b SNK
|d 2019-12-12
|i snkČSP 848/75
|l 0
|o snkČSA 600/15/1974 D1
|p 17A1347433
|r 2026-02-21 22:15:30
|t č. 1-52
|w 2026-02-21
|y PREZ
|
| 952 |
|
|
|0 0
|1 0
|4 0
|7 0
|a SNK
|b SNK
|d 2019-01-03
|i snkČSP 1069/74
|l 0
|o snkČSA 600/14/1973 D1
|p 17A1154060
|r 2026-02-21 22:20:24
|t č. 1-52
|w 2026-02-21
|y PREZ
|
| 952 |
|
|
|0 0
|1 0
|4 0
|7 0
|a SNK
|b SNK
|d 2019-01-03
|i snkČSP 737/73
|l 0
|o snkČSA 600/13/1972 D1
|p 17A1154059
|r 2026-02-21 22:20:24
|t č. 1-52
|w 2026-02-21
|y PREZ
|z V č. 1-6 je chybné ročníkovanie
|
| 952 |
|
|
|0 0
|1 0
|4 0
|7 0
|a SNK
|b SNK
|d 2019-01-03
|i snkČSP 906/72
|l 0
|o snkČSA 600/12/1971 D1
|p 17A1154058
|r 2026-02-21 22:20:24
|t č. 1-52
|w 2026-02-21
|y PREZ
|z V č. 21-52 je chybné ročníkovanie
|